Random German Words - Randomly - Statistics

General Stats
  • This quiz has been taken 8,168 times
  • The average score is 11 of 15
Answer Stats
German English % Correct
Hallo Hello
100%
nein no
100%
Nein no
99%
ja yes
99%
Apfel apple
98%
Fußball football
98%
Ich I
98%
Blau blue
97%
Kaffee coffee
97%
Fisch fish
97%
fünf five
97%
gut good
97%
Morgen morning
97%
Maus mouse
97%
Nacht night
97%
und And
96%
Haus house
96%
Nacht night
96%
Danke Thanks / Thank you
96%
Wasser water
96%
Frau woman / wife
96%
Bier beer
95%
Hund dog
95%
Freund friend
95%
Deutsch German
95%
Mutter mother
95%
sprechen speak
95%
drei three
95%
Zwei two
95%
Kind Child
94%
Wurst sausage
94%
Du You
94%
Sonntag Sunday
93%
Wassermelone watermelon
92%
Frau woman
92%
groß big / tall / large
91%
Bitte please
91%
Donnerstag Thursday
91%
schwimmen (to) swim
91%
Österreich Austria
90%
Katze cat
90%
Stadt city
90%
Tag day
90%
Vater father
90%
Liebe love
90%
neun nine
90%
Volk people
90%
Sonntag Sunday
90%
Weiß white
90%
Brot bread
89%
Tschüss Bye / Goodbye
89%
Grün green
89%
Montag Monday
89%
Montag Monday
89%
über over
89%
Rot red
89%
Salz salt
89%
sechs six
89%
mit with
89%
Kind child
88%
gehen go
88%
leben live
88%
Milch milk
88%
Schottland Scotland
88%
Braun brown
87%
Frankreich France
87%
Freitag Friday
87%
Kartoffel potato
87%
Donnerstag Thursday
87%
acht eight
86%
Blume flower
86%
vier four
86%
Markt market
86%
Samstag Saturday
86%
sieben seven
86%
Dienstag Tuesday
86%
Ägypten Egypt
85%
Geist ghost
85%
See lake / sea
85%
Ozean ocean
85%
Schwein pig
85%
Samstag Saturday
85%
Sohn son
85%
Zeit time
85%
Zeit time
85%
heute today
85%
Dienstag Tuesday
85%
Jahre year
85%
schön beautiful
84%
Freitag Friday
84%
Mädchen girl
84%
Schwester sister
84%
Ananas Pineapple
83%
klein small / short
83%
Weiß white
83%
Wort word
83%
Tochter daughter
82%
machen do / make
82%
Straße street
82%
Schweden Sweden
82%
Tee tea
82%
Achtung attention
81%
Koch cook
81%
Bahn railway
81%
Mittwoch Wednesday
81%
Boot boat
80%
Brueder brother
80%
Käse cheese
80%
kalt cold
80%
Suppe soup
79%
zehn ten
79%
Mittwoch Wednesday
79%
verboten forbidden
78%
Wein wine
78%
Luft air
77%
Fuß foot
77%
Marokko Morocco
77%
Berg mountain
77%
Abend evening
76%
Geist ghost
76%
Haar hair
76%
Meer sea
76%
Flughafen airport
75%
Stuhl chair
75%
Auge eye
75%
Grau gray
75%
Griechenland Greece
75%
halb half
75%
Kopf head
75%
alt old
75%
krank sick
75%
Tisch table
75%
Schlecht bad
74%
gestern yesterday
74%
Gelb yellow
73%
Bett bed
72%
Getränk drink
72%
Island Iceland
72%
Blitz lightning
72%
Schuh shoe
72%
Schweiz Switzerland
72%
Junge boy
71%
Äthiopien Ethiopia
71%
Glück happiness
71%
Gesundheit health
71%
Stunde hour
71%
Zimmer room
71%
Schnee snow
71%
Zucker sugar
71%
Buch Book
70%
Herz heart
70%
Nase nose
70%
Polen Poland
70%
Woche week
70%
Uhr Clock
69%
Baum tree
69%
auch Also
68%
Brücke bridge
67%
Flug flight
67%
Silber silver
67%
Himmel sky
67%
Pferd horse
66%
heiß hot / warm
66%
Dusche shower
66%
Zug train
65%
Wald forest / woods
64%
Honig honey
64%
Strand beach / shore
63%
Weißrussland Belarus
62%
doppelt double
62%
Krankenschwester Nurse
62%
Bein leg
61%
Bad bath
60%
Arzt doctor
60%
Traum dream
60%
Zahn tooth
60%
Kuh cow
58%
Obst fruit
58%
Thunfisch tuna
58%
Ohr ear
57%
Schlüssel key
56%
Gemüse vegetable
56%
Körper body
55%
Estland Estonia
55%
Insel island
55%
Tod death
54%
Gesicht face
54%
Zwiebel onion
54%
Mund mouth
51%
Ungarn Hungary
50%
Tschechien Czech Republic
49%
Pflanze plant
49%
Fluss river / stream
49%
Grenz border
48%
Viertel quarter
47%
Schmerz pain
46%
Mantel coat
45%
Litauen Lithuania
45%
Nagel nail
45%
böse bad / angry
44%
Lettland Latvia
44%
Leber liver
43%
Hals neck
43%
Feind enemy
42%
Dschungel jungle
40%
Mauer wall
40%
Lärm noise
35%
Buchstabe Letter
34%
lächeln smile
33%
Küste coast
32%
Haut skin
32%
Bohne bean
31%
Bart beard
31%
Hai Shark
31%
Magen Stomach
30%
Ostsee Baltic Sea
29%
Werkzeug tool
29%
Sauerstoff oxygen
27%
Tal valley
26%
Wüste desert
24%
Kinn Chin
21%
Bucht bay
17%
Bach creek / brook / stream
17%
No matching quizzes found
Score Distribution
Percent of People with Each Score
Percentile by Number Answered
Your Score History
You have not taken this quiz